000 00615nam a22002297a 4500
003 UA-OsUOA
001 74613
007 ta
008 20110413b un ||||| |||| 00| 0 ukr d
100 _aКулінич Г.Г.
090 _a82.09(477)
_bК90
942 _cBK
040 _aUA-OsUOA
_bukr
_cUA-OsUOA
_dUA-OsUOA
245 _aЯрослав Галан
_bжиття і творчість
300 _a198 с.
955 _a2
041 _aukr
080 _a82.09(477)
260 _aК.
_bДніпро
_c1977
650 7 _a82 Література. Літературознавство
_2UDC
999 _c360906
_d360906